=LDR 00000nam 2200000 4500 =001 INLIS000000000019458 =005 20130612114520 =008 ***********************************Ind** =035 ##$$0010-061300000019458 =041 ##$$a Ind =082 ##$$a 344.041 =090 ##$$a 344.041, Kus k =100 ##$$a Kusmaryanto, CB =245 ##$$a Kontraversi aborsi, CB Kusmaryanto =260 ##$$a 2004 $b Jakarta =300 ##$$a xviii, 226 hl;m, 21 cm =650 ##$$a Pengangguran-Undang-Undang dan Peraturan =850 ##$$a NBPNMAT